000 00860nam a22002897a 4500
001 8317
003 FISKH
005 20250909085133.0
008 250909b cb ||||| |||| 00| 0 eng d
020 _a9780531147900
040 _aFISKH
_beng
_cFISKH
_dFISKH
050 _aQB641 .L364
082 _a523.43
100 _aLandau, Elaine
_d(1948–2013)
245 _aA true book :
_bMars /
_cElaine Landau
250 _aThis edition first published in 2008
260 _aNew York :
_bChildren,
_c2008
300 _a48 pages :
_bcolor illustrations ;
_c22 cm
505 _aT
520 _aUses photographs and other recent findings to describe the atmosphere and geographic features of Mars.
521 8 _a790
_bLexile
521 8 _aT
_bRaz-Plus
650 _2Mars
_aPlanets
650 _2Science
_aSpace
942 _2ddc
_cBK
_n0
999 _c8317
_d8317